Παλάτια του Βοσπόρου

Αποθηκεύτηκε σε:
Λεπτομέρειες βιβλιογραφικής εγγραφής
Κύριος συγγραφέας: Αλεξάνδρου, Γιάννης
Άλλοι συγγραφείς: Αλεξάνδρου, Μαρίνα, 1949-
Μορφή: Βιβλίο
Γλώσσα:Greek
Δημοσίευση: Αθήνα : Λιβάνη, 2004.
Σειρά:Ελληνική λογοτεχνία (Εκδοτικός Οργανισμός Λιβάνη)
Θέματα:
Ετικέτες: Προσθήκη ετικέτας
Δεν υπάρχουν, Καταχωρήστε ετικέτα πρώτοι!

MARC

LEADER 00000cam a2200000 i 4500
001 1/68088
008 041209s2004 gr | ||| |||| ||gre||
020 |a 9601409289 
035 |l 10075706 
040 |a GR-MY-UA  |b gre  |e aacr 
041 0 |a gre 
082 7 |a 889.3   |2 (22) 
100 1 |a Αλεξάνδρου, Γιάννης. 
245 1 0 |a Παλάτια του Βοσπόρου /   |c Γιάννης και Μαρίνα Αλεξάνδρου.  
260 |a Αθήνα :   |b Λιβάνη,   |c 2004.  
300 |a 454 σ. ;   |c 21 εκ. 
490 1 |a (Ελληνική λογοτεχνία / Εκδοτικός Οργανισμός Λιβάνη) 
650 0 0 |a Greek literature. 
700 0 |a Αλεξάνδρου, Μαρίνα,   |d 1949- 
830 0 |a Ελληνική λογοτεχνία (Εκδοτικός Οργανισμός Λιβάνη) 
852 |a INST  |b RHODES  |e 20041209  |h 889.3 ΑΛΕ  |p 005400018061  |q 005400018061  |t BK  |y 0 
901 |a BIBL4-2005-1 
909 |a Ρ  |b 110220 
922 |a 4ΕΛΗ  |b 200412  |c ΒΙΒΛΙΟΘΗΚΗ  |d ΔΕΝΤΡΟ 
950 |a 094 
970 |a ΤΣΟΥΝΟΥ  |b ΤΣΑΜΠΙΚΑ  |z 2005/02/01